Common Knowledge About Chinese History (Record no. 349696)

000 -LEADER
fixed length control field 00701nam a22002057a 4500
003 - CONTROL NUMBER IDENTIFIER
control field OSt
005 - DATE AND TIME OF LATEST TRANSACTION
control field 20180116182957.0
008 - FIXED-LENGTH DATA ELEMENTS--GENERAL INFORMATION
fixed length control field 140529b xxu||||| |||| 00| 0 eng d
020 ## - INTERNATIONAL STANDARD BOOK NUMBER
International Standard Book Number 9787040207170
040 ## - CATALOGING SOURCE
Original cataloging agency 0
Language of cataloging 0
Transcribing agency 0
082 ## - DEWEY DECIMAL CLASSIFICATION NUMBER
Classification number 951CHI 2010
100 ## - MAIN ENTRY--PERSONAL NAME
Personal name The Oversease Chinese Affairs office of the State
110 ## - MAIN ENTRY--CORPORATE NAME
Corporate name or jurisdiction name as entry element The Oversease Chinese Affairs office of the State
245 ## - TITLE STATEMENT
Title Common Knowledge About Chinese History
Statement of responsibility, etc. The Oversease Chinese Affairs ofrfice of the State
260 ## - PUBLICATION, DISTRIBUTION, ETC.
Place of publication, distribution, etc. China
Name of publisher, distributor, etc. Higher Eduction Press
Date of publication, distribution, etc. 2010
300 ## - PHYSICAL DESCRIPTION
Extent 270p.
Other physical details PB
440 ## - SERIES STATEMENT/ADDED ENTRY--TITLE
Title Common Knowledge About Chinese History
610 ## - SUBJECT ADDED ENTRY--CORPORATE NAME
Corporate name or jurisdiction name as entry element The Oversease Chinese Affairs ofrfice of the State
942 ## - ADDED ENTRY ELEMENTS (KOHA)
Source of classification or shelving scheme
Koha item type Book
Holdings
Withdrawn status Lost status Source of classification or shelving scheme Damaged status Not for loan Collection code Permanent Location Current Location Shelving location Date acquired Total Checkouts Full call number Barcode Date last seen Price effective from Koha item type
            Central Library (CL) Central Library (CL) General Stacks 05/29/2014   951CHI 2010 NBSDS-24 06/16/2016 05/29/2014 Book
© 2023 Central Library, National University of Sciences and Technology. All Rights Reserved.